000 00589nam a22002417a 4500
003 UA-OsUOA
001 97068
007 ta
008 20130326b un ||||| |||| 00| 0 ukr d
100 _aОвсянников Ю.
090 _a72:909
_bО-34
942 _cBK
040 _aUA-OsUOA
_brus
_cUA-OsUOA
_dUA-OsUOA
245 _aДоминико Терезини
300 _a223 с.
955 _a0
041 _arus
080 _a72:909
260 _aЛенинград
_bИсскуство
_c1988
044 _aRU
650 7 _a72 Архітектура
_2UDC
999 _c383317
_d383317